<?xml version="1.0" encoding="UTF-8"?>
<record
    xmlns:xsi="http://www.w3.org/2001/XMLSchema-instance"
    xsi:schemaLocation="http://www.loc.gov/MARC21/slim http://www.loc.gov/standards/marcxml/schema/MARC21slim.xsd"
    xmlns="http://www.loc.gov/MARC21/slim">

  <leader>01605nam a22002297a 4500</leader>
  <controlfield tag="003">DO-SdBJH</controlfield>
  <controlfield tag="005">20231213141232.0</controlfield>
  <controlfield tag="008">231213b        |||||||| |||| 00| 0 spa d</controlfield>
  <datafield tag="040" ind1=" " ind2=" ">
    <subfield code="a">DO-SdBJH</subfield>
    <subfield code="b">spa</subfield>
    <subfield code="c">DO-SdBJH</subfield>
  </datafield>
  <datafield tag="090" ind1=" " ind2=" ">
    <subfield code="a">TG AMBC</subfield>
    <subfield code="b">02018 2021</subfield>
  </datafield>
  <datafield tag="100" ind1="1" ind2=" ">
    <subfield code="a">Cabrera Arias, M&#xE1;ximo Yohanel</subfield>
    <subfield code="e">sustentante</subfield>
  </datafield>
  <datafield tag="245" ind1="1" ind2="0">
    <subfield code="a">Batall&#xF3;n de transporte del Ej&#xE9;rcito de Rep&#xFA;blica Dominicana y su rol en el mantenimiento de los veh&#xED;culos ligeros del ERD.  Fortalezas, debilidades, amenazas y oportunidades / </subfield>
    <subfield code="c">M&#xE1;ximo Yohanel Cabrera Arias, Wesdel Mambr&#xFA; Vinicio, asesores Martires Casilla Castro, Johany Josefina Acevedo Cabrera</subfield>
  </datafield>
  <datafield tag="300" ind1=" " ind2=" ">
    <subfield code="a">xiii, 45 p&#xE1;ginas, mapas</subfield>
  </datafield>
  <datafield tag="502" ind1=" " ind2=" ">
    <subfield code="a">Trabajo de grado (Licenciado en Ciencias Militares) -- Instituto Superior para la Defensa (INSUDE).   Academia &#x201C;Militar Batalla de las Carreras&#x201D; del Ej&#xE9;rcito de Rep&#xFA;blica Dominicana, 2021.</subfield>
  </datafield>
  <datafield tag="504" ind1=" " ind2=" ">
    <subfield code="a">Incluye referencias bibliogr&#xE1;ficas e &#xED;ndices</subfield>
  </datafield>
  <datafield tag="505" ind1=" " ind2=" ">
    <subfield code="a">Optimizar los tiempos de mantenimiento los vehiculos ligeros en el Batall&#xF3;n de transporte del Ej&#xE9;rcito. -- Las fortalezas, debilidades, amenazas y oportunidades del Batall&#xF3;n de transporte del Ej&#xE9;rcito Dominicano (FODA). -- Optimizar los tiempos de mantenimiento los veh&#xED;culos ligeros en el Batall&#xF3;n de transporte del Ej&#xE9;rcito</subfield>
  </datafield>
  <datafield tag="700" ind1="1" ind2=" ">
    <subfield code="a">Wesdel Mambr&#xFA; Vinicio, </subfield>
    <subfield code="e">sustentante</subfield>
  </datafield>
  <datafield tag="700" ind1="1" ind2=" ">
    <subfield code="a">Martires Casilla Castro, </subfield>
    <subfield code="e">asesor</subfield>
  </datafield>
  <datafield tag="700" ind1="1" ind2=" ">
    <subfield code="a">Acevedo Cabrera, Johany Josefina </subfield>
    <subfield code="e">asesor</subfield>
  </datafield>
  <datafield tag="830" ind1=" " ind2=" ">
    <subfield code="a"> INSUDE.  &#x201C;Academia &#x201C;Militar Batalla de las Carreras&#x201D; del Ej&#xE9;rcito de Rep&#xFA;blica Dominicana&#x201D;.  Tesis y disertaciones.</subfield>
  </datafield>
  <datafield tag="942" ind1=" " ind2=" ">
    <subfield code="2">CL</subfield>
    <subfield code="c">T</subfield>
  </datafield>
  <datafield tag="999" ind1=" " ind2=" ">
    <subfield code="c">7680</subfield>
    <subfield code="d">7680</subfield>
  </datafield>
  <datafield tag="952" ind1=" " ind2=" ">
    <subfield code="0">0</subfield>
    <subfield code="1">0</subfield>
    <subfield code="2">CL</subfield>
    <subfield code="4">0</subfield>
    <subfield code="7">1</subfield>
    <subfield code="8">TG</subfield>
    <subfield code="a">BJHA</subfield>
    <subfield code="b">BJHA</subfield>
    <subfield code="d">2023-12-13</subfield>
    <subfield code="i">21-02018</subfield>
    <subfield code="l">0</subfield>
    <subfield code="o">TG AMBC 02018 2021</subfield>
    <subfield code="p">21-02018</subfield>
    <subfield code="r">2023-12-13 00:00:00</subfield>
    <subfield code="t">e.1</subfield>
    <subfield code="w">2023-12-13</subfield>
    <subfield code="y">T</subfield>
  </datafield>
</record>
